<?xml version="1.0" encoding="UTF-8"?>
<record
    xmlns:xsi="http://www.w3.org/2001/XMLSchema-instance"
    xsi:schemaLocation="http://www.loc.gov/MARC21/slim http://www.loc.gov/standards/marcxml/schema/MARC21slim.xsd"
    xmlns="http://www.loc.gov/MARC21/slim">

  <leader>01337nam a22002417a 4500</leader>
  <controlfield tag="003">NALT</controlfield>
  <controlfield tag="005">20220613144233.0</controlfield>
  <controlfield tag="008">170526b        th ||||| |||| 00| 0 tha d</controlfield>
  <datafield tag="020" ind1=" " ind2=" ">
    <subfield code="a">9786164050365</subfield>
  </datafield>
  <datafield tag="040" ind1=" " ind2=" ">
    <subfield code="a">NALT</subfield>
  </datafield>
  <datafield tag="050" ind1=" " ind2=" ">
    <subfield code="a">BF 697</subfield>
    <subfield code="b">&#xE01;677&#xE27; 2559</subfield>
  </datafield>
  <datafield tag="100" ind1="0" ind2=" ">
    <subfield code="a">&#xE01;&#xE34;&#xE15;&#xE34;&#xE21;&#xE32; &#xE2B;&#xE07;&#xE2A;&#xE4C;&#xE28;&#xE34;&#xE23;&#xE34;&#xE01;&#xE32;&#xE0D;&#xE08;&#xE19;&#xE4C;</subfield>
  </datafield>
  <datafield tag="245" ind1="1" ind2="0">
    <subfield code="a">Which one is real? :</subfield>
    <subfield code="b">what is your true type in MBTI &#xE2D;&#xE22;&#xE48;&#xE32;&#xE04;&#xE34;&#xE14;&#xE27;&#xE48;&#xE32;&#xE09;&#xE31;&#xE19;&#xE40;&#xE2B;&#xE21;&#xE37;&#xE2D;&#xE19;&#xE40;&#xE02;&#xE32; &#xE2D;&#xE22;&#xE48;&#xE32;&#xE40;&#xE2B;&#xE21;&#xE32;&#xE27;&#xE48;&#xE32;&#xE40;&#xE23;&#xE32;&#xE40;&#xE2B;&#xE21;&#xE37;&#xE2D;&#xE19;&#xE01;&#xE31;&#xE19; /</subfield>
    <subfield code="c">&#xE40;&#xE02;&#xE35;&#xE22;&#xE19;&#xE42;&#xE14;&#xE22; &#xE01;&#xE34;&#xE15;&#xE34;&#xE21;&#xE32; &#xE2B;&#xE07;&#xE2A;&#xE4C;&#xE28;&#xE34;&#xE23;&#xE34;&#xE01;&#xE32;&#xE0D;&#xE08;&#xE19;&#xE4C;.</subfield>
  </datafield>
  <datafield tag="246" ind1="1" ind2="8">
    <subfield code="a">&#xE2D;&#xE22;&#xE48;&#xE32;&#xE04;&#xE34;&#xE14;&#xE27;&#xE48;&#xE32;&#xE09;&#xE31;&#xE19;&#xE40;&#xE2B;&#xE21;&#xE37;&#xE2D;&#xE19;&#xE40;&#xE02;&#xE32; &#xE2D;&#xE22;&#xE48;&#xE32;&#xE40;&#xE2B;&#xE21;&#xE32;&#xE27;&#xE48;&#xE32;&#xE40;&#xE23;&#xE32;&#xE40;&#xE2B;&#xE21;&#xE37;&#xE2D;&#xE19;&#xE01;&#xE31;&#xE19;.</subfield>
  </datafield>
  <datafield tag="250" ind1=" " ind2=" ">
    <subfield code="a">&#xE1E;&#xE34;&#xE21;&#xE1E;&#xE4C;&#xE04;&#xE23;&#xE31;&#xE49;&#xE07;&#xE17;&#xE35;&#xE48; 1</subfield>
  </datafield>
  <datafield tag="260" ind1=" " ind2=" ">
    <subfield code="a">&#xE01;&#xE23;&#xE38;&#xE07;&#xE40;&#xE17;&#xE1E;&#xE2F; :</subfield>
    <subfield code="b">&#xE17;&#xE23;&#xE34;&#xE1B;&#xE40;&#xE1B;&#xE34;&#xE49;&#xE25; &#xE40;&#xE2D;&#xE47;&#xE14;&#xE14;&#xE39;&#xE40;&#xE04;&#xE0A;&#xE31;&#xE48;&#xE19;,</subfield>
    <subfield code="c">2559.</subfield>
  </datafield>
  <datafield tag="300" ind1=" " ind2=" ">
    <subfield code="a">232 &#xE2B;&#xE19;&#xE49;&#xE32; :</subfield>
    <subfield code="b">&#xE20;&#xE32;&#xE1E;&#xE1B;&#xE23;&#xE30;&#xE01;&#xE2D;&#xE1A;, &#xE15;&#xE32;&#xE23;&#xE32;&#xE07; ;</subfield>
    <subfield code="c">21 &#xE0B;&#xE21;.</subfield>
  </datafield>
  <datafield tag="650" ind1=" " ind2="0">
    <subfield code="a">&#xE04;&#xE27;&#xE32;&#xE21;&#xE04;&#xE32;&#xE14;&#xE2B;&#xE27;&#xE31;&#xE07; (&#xE08;&#xE34;&#xE15;&#xE27;&#xE34;&#xE17;&#xE22;&#xE32;) </subfield>
    <subfield code="9">46069</subfield>
  </datafield>
  <datafield tag="650" ind1=" " ind2="4">
    <subfield code="a">&#xE04;&#xE27;&#xE32;&#xE21;&#xE41;&#xE15;&#xE01;&#xE15;&#xE48;&#xE32;&#xE07;&#xE23;&#xE30;&#xE2B;&#xE27;&#xE48;&#xE32;&#xE07;&#xE1A;&#xE38;&#xE04;&#xE04;&#xE25;</subfield>
    <subfield code="9">50820</subfield>
  </datafield>
  <datafield tag="850" ind1=" " ind2=" ">
    <subfield code="a">NALT</subfield>
  </datafield>
  <datafield tag="942" ind1=" " ind2=" ">
    <subfield code="2">lcc</subfield>
    <subfield code="c">GB</subfield>
  </datafield>
  <datafield tag="998" ind1=" " ind2=" ">
    <subfield code="c">ben</subfield>
    <subfield code="a">phon</subfield>
    <subfield code="b">phon</subfield>
    <subfield code="j">104</subfield>
    <subfield code="k"> &#xE19;&#xE32;&#xE07;&#xE2A;&#xE32;&#xE27;&#xE2A;&#xE32;&#xE22;&#xE1D;&#xE19;  &#xE14;&#xE35;&#xE07;&#xE32;&#xE21;</subfield>
  </datafield>
  <datafield tag="999" ind1=" " ind2=" ">
    <subfield code="c">92443</subfield>
    <subfield code="d">92443</subfield>
  </datafield>
  <datafield tag="952" ind1=" " ind2=" ">
    <subfield code="0">0</subfield>
    <subfield code="1">0</subfield>
    <subfield code="2">lcc</subfield>
    <subfield code="4">0</subfield>
    <subfield code="7">0</subfield>
    <subfield code="8">CGBL</subfield>
    <subfield code="a">NALT</subfield>
    <subfield code="b">NALT</subfield>
    <subfield code="d">2017-05-26</subfield>
    <subfield code="o">BF 697 &#xE01;677&#xE27; 2559</subfield>
    <subfield code="p">3961206324</subfield>
    <subfield code="r">2017-06-14 00:00:00</subfield>
    <subfield code="w">2017-05-26</subfield>
    <subfield code="y">GB</subfield>
  </datafield>
</record>
